[Event "BL 8889 HSK-Delmenhorst"]
[Site "?"]
[Date "1989.??.??"]
[Round "?.1"]
[White "Reeh, O."]
[Black "Schussler, H."]
[Result "0-1"]
[WhiteElo "2460"]
[BlackElo "2525"]
[PlyCount "80"]
[EventDate "1989.??.??"]

1. d4 Nf6 2. c4 e6 3. Nf3 b6 4. Nc3 Bb7 5. Bg5 Be7 6. Qc2 c5 7. dxc5 bxc5 8.
Rd1 Qa5 9. e3 Ne4 10. Bxe7 Nxc3 11. bxc3 Kxe7 12. Be2 d6 13. O-O Nd7 14. Nd2
Nf6 15. f4 Rab8 16. Bf3 Ba6 17. g4 h6 18. Rf2 Qc7 19. f5 Nd7 20. fxe6 fxe6 21.
Qg6 Rbg8 22. Ne4 Ne5 23. Qh5 Rf8 24. Be2 Rxf2 25. Kxf2 Rf8+ 26. Kg1 Qc6 27.
Qh4+ g5 28. Nxg5 hxg5 29. Qxg5+ Ke8 30. Qh5+ Rf7 31. Rf1 Bb7 32. Qh8+ Kd7 33.
Rxf7+ Nxf7 34. Qh3 Ng5 35. Qf1 Qh1+ 36. Kf2 Qxh2+ 37. Ke1 Qe5 38. Qf4 Qxc3+ 39.
Kf1 Qa1+ 40. Kf2 Nh3+ 0-1

[Event "BL 8889 HSK-Delmenhorst"]
[Site "?"]
[Date "1989.??.??"]
[Round "?.3"]
[White "Hermann, Man"]
[Black "Stein, B."]
[Result "1/2-1/2"]
[WhiteElo "2365"]
[BlackElo "2380"]
[PlyCount "43"]
[EventDate "1989.??.??"]

1. e4 c5 2. c3 d5 3. exd5 Qxd5 4. d4 Nf6 5. Nf3 Bg4 6. Be2 e6 7. h3 Bh5 8. O-O
cxd4 9. cxd4 Nc6 10. Nc3 Qa5 11. Be3 Be7 12. a3 Nd5 13. Qb3 Qb6 14. Qxb6 Nxb6
15. g4 Bg6 16. Ne5 O-O 17. f4 Bc2 18. Nc4 Nxc4 19. Bxc4 Na5 20. Ba2 Bb3 21.
Bxb3 Nxb3 22. Rad1 1/2-1/2

[Event "BL 8889 HSK-Delmenhorst"]
[Site "?"]
[Date "1989.??.??"]
[Round "?.5"]
[White "Schlemermeyer, W."]
[Black "Reefschlaeger, H."]
[Result "1-0"]
[WhiteElo "2265"]
[BlackElo "2360"]
[PlyCount "81"]
[EventDate "1989.??.??"]

1. d4 d5 2. c4 c6 3. Nf3 Nf6 4. Nc3 dxc4 5. e4 b5 6. e5 Nd5 7. a4 e6 8. axb5
Nxc3 9. bxc3 cxb5 10. Ng5 Bb7 11. Qh5 g6 12. Qg4 Be7 13. Be2 Bd5 14. Ne4 Nc6
15. Bh6 b4 16. Bg7 Rg8 17. Bf6 Bxe4 18. Qxe4 Qd5 19. Qf4 g5 20. Qg4 Bxf6 21.
Bf3 Qd7 22. exf6 Rc8 23. Bxc6 Rxc6 24. cxb4 Rg6 25. O-O Rxf6 26. Qxg5 Rg6 27.
Qe5 Rb6 28. Ra5 Qb7 29. g3 Rxb4 30. Rc5 Kd7 31. d5 Rb1 32. d6 f6 33. Qd4 Rxf1+
34. Kxf1 Qb1+ 35. Kg2 Qd3 36. Rc7+ Kd8 37. Qa1 Qxd6 38. Rxa7 Qc6+ 39. Kg1 c3
40. Qa5+ Ke8 41. Ra8+ 1-0

[Event "BL 8889 Bamberg-Nürnberg"]
[Site "?"]
[Date "1989.??.??"]
[Round "?.1"]
[White "Jansa, V."]
[Black "Pfleger, He"]
[Result "1-0"]
[WhiteElo "2470"]
[BlackElo "2490"]
[PlyCount "75"]
[EventDate "1989.??.??"]

1. e4 d6 2. d4 Nf6 3. Nc3 g6 4. Be3 c6 5. h3 Bg7 6. f4 b5 7. e5 dxe5 8. dxe5
Qxd1+ 9. Rxd1 Nh5 10. Nge2 g5 11. g3 b4 12. Nb5 Na6 13. Bg2 Bb7 14. Nbd4 gxf4
15. gxf4 Bh6 16. Nf5 Bf8 17. Bf3 Ng7 18. Nxg7+ Bxg7 19. Nd4 Rc8 20. Nf5 Bf8 21.
Bxa7 Nc7 22. Bd4 Ne6 23. Be3 Ra8 24. Ra1 Rg8 25. Kf2 Nc7 26. a3 e6 27. Nd6+
Bxd6 28. exd6 Nd5 29. axb4 Kd7 30. Bd2 Kxd6 31. c4 Ne7 32. b5 Kc5 33. Rac1 Ra2
34. Rc2 Rga8 35. Be3+ Kb4 36. Rd1 Kb3 37. Rdd2 Rb8 38. Bc5 1-0

[Event "BL 8889 Bamberg-Nürnberg"]
[Site "?"]
[Date "1989.??.??"]
[Round "?.3"]
[White "Lumper, T."]
[Black "Kurz, A."]
[Result "1/2-1/2"]
[WhiteElo "2355"]
[BlackElo "2280"]
[PlyCount "74"]
[EventDate "1989.??.??"]

1. c4 Nf6 2. Nc3 g6 3. g3 Bg7 4. Bg2 O-O 5. Nf3 c5 6. O-O Nc6 7. d4 cxd4 8.
Nxd4 Nxd4 9. Qxd4 d6 10. Qd2 a6 11. b3 Rb8 12. Bb2 b5 13. cxb5 axb5 14. e4 Qa5
15. a3 Be6 16. b4 Qa7 17. Nd5 Bxd5 18. exd5 Ng4 19. Bxg7 Kxg7 20. Rfe1 Rfc8 21.
Bh3 Ne5 22. Rxe5 dxe5 23. Bxc8 Rxc8 24. Qe2 f6 25. Qxb5 Rc2 26. Qf1 e4 27. Qe1
Qd4 28. Rd1 Qb2 29. Rb1 Qa2 30. Rd1 Re2 31. Qf1 e3 32. fxe3 Rxh2 33. d6 exd6
34. Rxd6 f5 35. Rd7+ Kf6 36. Qa6+ Kg5 37. Qf1 Kf6 1/2-1/2

[Event "BL 8889 Bamberg-Nürnberg"]
[Site "?"]
[Date "1989.??.??"]
[Round "?.4"]
[White "Meister, P."]
[Black "Seibold, H."]
[Result "1-0"]
[WhiteElo "2325"]
[BlackElo "2220"]
[PlyCount "71"]
[EventDate "1989.??.??"]

1. d4 Nf6 2. c4 g6 3. Nc3 Bg7 4. e4 d6 5. f3 O-O 6. Be3 Nc6 7. Nge2 a6 8. Qd2
Rb8 9. h4 h5 10. Nd5 b5 11. cxb5 axb5 12. Rc1 Bd7 13. Nxf6+ exf6 14. d5 Ne5 15.
Nd4 Re8 16. Be2 f5 17. exf5 Nc4 18. Bxc4 bxc4 19. O-O Qxh4 20. Bf2 Qf6 21. Rxc4
Bb5 22. Nxb5 Rxb5 23. fxg6 Rxb2 24. gxf7+ Qxf7 25. Rc2 Rxc2 26. Qxc2 Qxd5 27.
Qxc7 Re2 28. Qb8+ Kh7 29. Qb1+ Kg8 30. Rc1 Rxa2 31. Rc8+ Kf7 32. Rc7+ Kg8 33.
Qg6 Ra1+ 34. Kh2 Qe5+ 35. Bg3 Kf8 36. Qf7# 1-0

[Event "BL 8889 Koblenz-Heidelberg"]
[Site "?"]
[Date "1989.??.??"]
[Round "?.1"]
[White "Steinbacher, M."]
[Black "Garcia Palermo, C."]
[Result "1-0"]
[WhiteElo "2340"]
[BlackElo "2455"]
[PlyCount "121"]
[EventDate "1989.??.??"]

1. d4 d5 2. Nf3 e6 3. c4 Nf6 4. Nc3 Be7 5. Bg5 h6 6. Bh4 O-O 7. e3 b6 8. Bxf6
Bxf6 9. cxd5 exd5 10. Qd2 Qd6 11. Rd1 Rd8 12. g3 Nc6 13. Rc1 Bb7 14. Bh3 Ba6
15. Ne2 Nb4 16. Ra1 c5 17. O-O cxd4 18. Nfxd4 Bxd4 19. exd4 Re8 20. Bg4 Re4 21.
Bf3 Bxe2 22. Bxe2 Nc6 23. Bf3 Rxd4 24. Qe3 Rd8 25. Rfe1 Rc4 26. Rad1 Rc5 27.
Qf4 Qxf4 28. gxf4 Kf8 29. Re3 Ne7 30. Ra3 a5 31. Ra4 f5 32. Rad4 Kf7 33. b4 Rb5
34. a3 axb4 35. axb4 Nc6 36. Bxd5+ Rdxd5 37. Rxd5 Rxb4 38. Rd7+ Ne7 39. Re1 Re4
40. Rxe4 fxe4 41. Rb7 Kf6 42. Rxb6+ Kf5 43. Rb7 Ng6 44. Rf7+ Ke6 45. Rxg7 Nxf4
46. Rh7 h5 47. Kf1 Kf5 48. Re7 h4 49. Re8 Ne6 50. Rh8 Kg4 51. Ke2 Ng5 52. Ke3
Kh3 53. Rg8 Nf3 54. Kxe4 Nxh2 55. Kf4 Nf1 56. Rg4 Nd2 57. f3 Nc4 58. Rg1 Kh2
59. Rc1 Nd6 60. Kg4 Nf7 61. Rc2+ 1-0

[Event "BL 8889 Koblenz-Heidelberg"]
[Site "?"]
[Date "1989.??.??"]
[Round "?.2"]
[White "Braga, F."]
[Black "Ostl, A."]
[Result "0-1"]
[WhiteElo "2430"]
[BlackElo "2260"]
[PlyCount "189"]
[EventDate "1989.??.??"]

1. d4 Nf6 2. Nf3 d5 3. c4 c6 4. e3 Bf5 5. Nc3 e6 6. Qb3 Qb6 7. c5 Qc7 8. Nh4
Bg6 9. g3 Nbd7 10. Bg2 b6 11. cxb6 Nxb6 12. Nxg6 hxg6 13. e4 Be7 14. O-O O-O
15. Bf4 Qb7 16. Rad1 Qa6 17. Rfe1 Rfc8 18. Bf1 Qa5 19. e5 Nfd7 20. a3 Rab8 21.
Qa2 Na4 22. Nxa4 Qxa4 23. Rd3 Qc2 24. Rd2 Qb3 25. Qxb3 Rxb3 26. Rc1 c5 27. dxc5
g5 28. Be3 Nxe5 29. Kg2 Nc6 30. Rc3 Rxc3 31. bxc3 Ne5 32. Rb2 Bxc5 33. Ba6 Rc7
34. Rb8+ Kh7 35. Bxg5 Nd7 36. Rb3 Bd6 37. Bd8 Rc6 38. Bd3+ Kg8 39. Be2 Nc5 40.
Rb5 Rc8 41. Ba5 Ne4 42. Rb3 Nc5 43. Rb1 Bc7 44. Bb4 Bb6 45. c4 dxc4 46. Rc1 Ne4
47. f3 a5 48. Be7 Re8 49. Rxc4 Nxg3 50. hxg3 Rxe7 51. Rc8+ Kh7 52. Bb5 g6 53.
a4 Kg7 54. f4 Kf6 55. Kf3 g5 56. Kg4 gxf4 57. gxf4 Be3 58. Kf3 Bd2 59. Ke4 Bb4
60. Bc6 Ra7 61. Bb5 Rb7 62. Rc6 Rd7 63. f5 Rd1 64. fxe6 Re1+ 65. Kf3 fxe6 66.
Bc4 Kf5 67. Bd3+ Kg5 68. Be2 e5 69. Bd3 Bd2 70. Rg6+ Kh5 71. Ra6 Kh4 72. Kf2
Ra1 73. Bc2 Bg5 74. Ke2 Ra2 75. Rc6 e4 76. Rc5 Kg4 77. Rc4 Kg3 78. Rc5 Bf4 79.
Rc4 Bg5 80. Kf1 e3 81. Ke2 Ra1 82. Rc5 Bf4 83. Rxa5 Rh1 84. Bd1 Rxd1 85. Kxd1
Kf2 86. Rf5 e2+ 87. Kc2 e1=Q 88. Rxf4+ Ke3 89. Rc4 Qd2+ 90. Kb3 Kd3 91. Rc6 Qa5
92. Rd6+ Ke4 93. Rd1 Ke5 94. Rd3 Ke6 95. Rd4 0-1

[Event "BL 8889 Koblenz-Heidelberg"]
[Site "?"]
[Date "1989.??.??"]
[Round "?.3"]
[White "Cicak, S."]
[Black "Doncevic, D."]
[Result "1/2-1/2"]
[WhiteElo "2345"]
[BlackElo "2370"]
[PlyCount "101"]
[EventDate "1989.??.??"]

1. e4 c5 2. Nf3 Nc6 3. d4 cxd4 4. Nxd4 Nf6 5. Nc3 d6 6. Be2 e6 7. O-O Be7 8.
Be3 O-O 9. f4 Bd7 10. Qe1 Nxd4 11. Bxd4 Bc6 12. Qg3 g6 13. Bf3 b5 14. a3 a5 15.
Rad1 b4 16. e5 Bxf3 17. Qxf3 bxc3 18. exf6 Bxf6 19. Qxc3 Bxd4+ 20. Qxd4 Rb8 21.
c4 Qb6 22. Rf2 Rfc8 23. Qxd6 Rxc4 24. Qxb6 Rxb6 25. Rd8+ Kg7 26. g3 h5 27. Ra8
Rb5 28. Ra7 Rc1+ 29. Kg2 Rb1 30. Kh3 R1xb2 31. Rxb2 Rxb2 32. Rxa5 Kf6 33. Ra7
Kg7 34. Ra5 f5 35. Re5 Kf6 36. Re1 Ra2 37. Re3 Kf7 38. Rc3 Kf6 39. Re3 Kf7 40.
Rc3 Kf6 41. Re3 Kf7 42. Rc3 Re2 43. Rc8 Ra2 44. Ra8 Kf6 45. Rf8+ Ke7 46. Rg8
Kf7 47. Ra8 Kf6 48. Rf8+ Kg7 49. Re8 Kf7 50. Ra8 Kf6 51. Rf8+ 1/2-1/2

[Event "BL 8889 Koblenz-Heidelberg"]
[Site "?"]
[Date "1989.??.??"]
[Round "?.4"]
[White "Bayer, E."]
[Black "Mack, P."]
[Result "1/2-1/2"]
[WhiteElo "2370"]
[BlackElo "2295"]
[PlyCount "35"]
[EventDate "1989.??.??"]

1. d4 g6 2. g3 Bg7 3. Bg2 d5 4. Nf3 Nf6 5. O-O O-O 6. c4 c6 7. Nbd2 Ne4 8. Qb3
Qb6 9. Rd1 Qxb3 10. axb3 Bg4 11. Nf1 Nd7 12. Bf4 h6 13. Ne3 Be6 14. g4 g5 15.
Bg3 Nxg3 16. hxg3 Nb6 17. c5 Nd7 18. Nf5 1/2-1/2

[Event "BL 8889 Koblenz-Heidelberg"]
[Site "?"]
[Date "1989.??.??"]
[Round "?.6"]
[White "Hess, R."]
[Black "Nonnenmacher, E."]
[Result "1-0"]
[WhiteElo "2330"]
[BlackElo "2320"]
[PlyCount "159"]
[EventDate "1989.??.??"]

1. d4 Nf6 2. c4 e6 3. Nc3 Bb4 4. e3 b6 5. Bd3 Bb7 6. Nge2 O-O 7. O-O d5 8. Bd2
Be7 9. Rc1 c5 10. cxd5 exd5 11. Nf4 Qd7 12. Qf3 Rd8 13. Rfd1 c4 14. Bb1 Nc6 15.
h3 Rab8 16. g4 Nb4 17. Bf5 Qc6 18. a3 Na6 19. Qe2 b5 20. g5 Ne8 21. e4 Bxg5 22.
Nfxd5 Qh6 23. Bxg5 Qxg5+ 24. Qg4 Qxg4+ 25. Bxg4 Nac7 26. Ne3 a5 27. d5 Ba6 28.
e5 g6 29. d6 Ne6 30. Ncd5 Kf8 31. Bxe6 fxe6 32. Ne7 Rd7 33. Nc2 Rb6 34. Nd4 Kf7
35. Nec6 Bb7 36. Nxa5 Bd5 37. b4 g5 38. Rc3 Ng7 39. Rg3 h6 40. h4 Nh5 41. Rg4
Nf4 42. hxg5 hxg5 43. Kh2 Kg6 44. Rxf4 gxf4 45. Rg1+ Kh7 46. Rg4 Rf7 47. Kh3
Kh8 48. Rg5 Rb8 49. Kg4 c3 50. Nab3 Bxb3 51. Nxb3 c2 52. Rh5+ Kg8 53. Rh1 Rf5
54. Nd4 Rxe5 55. Nc6 Rd5 56. Ne7+ Kf7 57. Nxd5 exd5 58. Rc1 Ra8 59. Kf5 Rxa3
60. Rxc2 Ke8 61. Ke6 Kd8 62. Rc5 Ra2 63. f3 Ra3 64. Rxb5 Re3+ 65. Kxd5 Rxf3 66.
Rb8+ Kd7 67. Rb7+ Kd8 68. Rf7 Rf1 69. Kc6 Rc1+ 70. Kb7 Rf1 71. b5 f3 72. b6 Rf2
73. Kb8 Rb2 74. b7 f2 75. Ka7 Ra2+ 76. Kb6 Rb2+ 77. Kc6 Rc2+ 78. Kd5 Rd2+ 79.
Kc4 Rb2 80. Rxf2 1-0

[Event "BL 8889 Koblenz-Heidelberg"]
[Site "?"]
[Date "1989.??.??"]
[Round "?.7"]
[White "Neurohr, S."]
[Black "Weidemann, J."]
[Result "1/2-1/2"]
[WhiteElo "2305"]
[BlackElo "2325"]
[PlyCount "85"]
[EventDate "1989.??.??"]

1. d4 d6 2. c4 e5 3. Nf3 Nd7 4. Nc3 c6 5. e4 Be7 6. Be2 Ngf6 7. O-O O-O 8. Be3
a6 9. d5 Ne8 10. b4 g6 11. c5 Qc7 12. Na4 cxd5 13. exd5 dxc5 14. bxc5 Nxc5 15.
Nxc5 Bxc5 16. Bxc5 Qxc5 17. Nxe5 Bf5 18. Rc1 Qe7 19. Nc4 Rd8 20. Bf3 Qf6 21.
Re1 Nd6 22. Nxd6 Qxd6 23. Qb3 Bc8 24. Qe3 Kg7 25. Rc4 Rfe8 26. Qxe8 Rxe8 27.
Rxe8 Bd7 28. Re3 b5 29. Rc1 a5 30. a3 h5 31. h4 f6 32. Rec3 Kh6 33. g3 g5 34.
hxg5+ Kxg5 35. Kg2 h4 36. gxh4+ Kxh4 37. Be4 Kg5 38. Rh1 f5 39. Bf3 Kg6 40. Re3
b4 41. axb4 axb4 42. Rb1 Kg7 43. Reb3 1/2-1/2

[Event "BL 8889 München 36-Bayern"]
[Site "?"]
[Date "1989.??.??"]
[Round "?.3"]
[White "Kindermann, S."]
[Black "Bastian, H."]
[Result "1-0"]
[WhiteElo "2525"]
[BlackElo "2315"]
[PlyCount "73"]
[EventDate "1989.??.??"]

1. e4 g6 2. d4 Bg7 3. Nc3 c6 4. f4 d5 5. e5 h5 6. Nf3 Nh6 7. Be3 Bg4 8. Be2 Nd7
9. Bf2 Nf8 10. h3 Bxf3 11. Bxf3 Qd7 12. Qd2 O-O-O 13. O-O-O Ne6 14. Ne2 Kb8 15.
Qd3 Rdg8 16. Kb1 Bf8 17. c4 Nc7 18. Nc3 e6 19. g4 hxg4 20. hxg4 dxc4 21. Qxc4
Nd5 22. Ne4 Be7 23. Qc1 Qd8 24. Rh3 Qf8 25. Rdh1 Qg7 26. R1h2 Bf8 27. Ka1 f5
28. exf6 Qd7 29. Bg3 Nf7 30. f5+ Ka8 31. Rxh8 Nxh8 32. Qh1 Nf7 33. fxg6 Rxg6
34. g5 a5 35. Rh7 Qe8 36. Bh5 Nxg5 37. Nxg5 1-0

[Event "BL 8889 München 36-Bayern"]
[Site "?"]
[Date "1989.??.??"]
[Round "?.5"]
[White "Bischoff, K."]
[Black "Kaiser, W."]
[Result "1-0"]
[WhiteElo "2510"]
[BlackElo "2360"]
[PlyCount "93"]
[EventDate "1989.??.??"]

1. c4 e5 2. g3 Nc6 3. Bg2 g6 4. Nc3 Bg7 5. e4 Nge7 6. Nge2 d6 7. d3 O-O 8. O-O
a6 9. Be3 Nd4 10. Qd2 Bh3 11. Bxd4 Bxg2 12. Kxg2 exd4 13. Nd5 c6 14. Nxe7+ Qxe7
15. Ng1 b5 16. Rac1 f5 17. Rfe1 fxe4 18. Rxe4 Qd7 19. c5 Rae8 20. Rxe8 Rxe8 21.
Qb4 dxc5 22. Qxc5 Re6 23. Nf3 Bf6 24. Rc2 Qd8 25. b3 Qd6 26. Qxd6 Rxd6 27. Nd2
Re6 28. Ne4 Be7 29. f4 c5 30. g4 Kf7 31. Kf3 Rc6 32. f5 gxf5 33. gxf5 Rh6 34.
Kf4 Rh3 35. Rd2 a5 36. Ke5 Rf3 37. Rd1 Rh3 38. Rd2 Rf3 39. a4 bxa4 40. bxa4 c4
41. dxc4 Ra3 42. Rxd4 Rxa4 43. Rd7 Kf8 44. f6 Ba3 45. Rd8+ Kf7 46. Kf5 h6 47.
c5 1-0

[Event "BL 8889 München 36-Bayern"]
[Site "?"]
[Date "1989.??.??"]
[Round "?.6"]
[White "Bartelborth, T."]
[Black "Hertneck, G."]
[Result "0-1"]
[WhiteElo "2210"]
[BlackElo "2435"]
[PlyCount "120"]
[EventDate "1989.??.??"]

1. c4 e5 2. g3 Nf6 3. Bg2 c6 4. Nf3 e4 5. Nd4 d5 6. cxd5 Qxd5 7. Nc2 Be7 8. O-O
Qh5 9. Nc3 Bh3 10. f3 exf3 11. exf3 O-O 12. d4 Bxg2 13. Kxg2 Nbd7 14. Re1 Rfe8
15. Be3 Rad8 16. Re2 Nb6 17. Qd3 Nfd5 18. Rae1 Bf8 19. Bf2 Rxe2 20. Nxe2 Qg6
21. Qxg6 hxg6 22. Nc1 f6 23. Re2 Kf7 24. Be1 Nc4 25. Nd3 g5 26. Kf2 Be7 27. b3
Nd6 28. a4 Nf5 29. g4 Nh4 30. Ne3 Nc7 31. Nc2 Ne6 32. Ke3 Ng6 33. Bg3 a5 34.
Rd2 Bd6 35. Nb2 Ngf4 36. Nc4 Bc7 37. Kf2 Rb8 38. N4e3 b5 39. d5 cxd5 40. Nxd5
Be5 41. Nde3 Nc5 42. axb5 Rxb5 43. Bxf4 gxf4 44. Nc4 Nxb3 45. Rd7+ Kg6 46. h4
Rc5 47. N2a3 Nd4 48. h5+ Kh6 49. Ra7 Bc7 50. Ra8 Kh7 51. Nd2 Rc3 52. Nac4 Nxf3
53. Nxf3 Rxc4 54. Nh4 Rb4 55. Kf3 a4 56. Nf5 Rb3+ 57. Ke4 a3 58. Ra7 Rc3 59. h6
g6 60. Nd4 Kxh6 0-1

[Event "BL 8889 München 36-Bayern"]
[Site "?"]
[Date "1989.??.??"]
[Round "?.7"]
[White "Schlosser, P."]
[Black "Goetz, R."]
[Result "0-1"]
[WhiteElo "2385"]
[BlackElo "2275"]
[PlyCount "133"]
[EventDate "1989.??.??"]

1. d4 Nf6 2. Nf3 e6 3. g3 c5 4. Bg2 Nc6 5. c4 cxd4 6. Nxd4 Qb6 7. Nb3 Bb4+ 8.
Nc3 Qa6 9. c5 b6 10. O-O O-O 11. Bf4 Bxc3 12. bxc3 Bb7 13. Re1 Na5 14. e4 Bc6
15. Bg5 bxc5 16. Bxf6 gxf6 17. Qg4+ Kh8 18. Qf4 Kg7 19. e5 f5 20. Nxc5 Qb6 21.
Bxc6 Qxc6 22. Qg5+ Kh8 23. Qf6+ Kg8 24. Nd3 Qf3 25. Nf4 Qg4 26. Rad1 Rfd8 27.
h3 Qg7 28. Qh4 Kh8 29. Nh5 Qh6 30. Rd6 Nc4 31. Rd4 Nb6 32. a4 Rac8 33. a5 Nd5
34. c4 Nc3 35. Kg2 Ne4 36. f3 Nc5 37. Qf6+ Qxf6 38. Nxf6 Rb8 39. Rh4 Rb2+ 40.
Re2 Rxe2+ 41. Kf1 Kg7 42. Kxe2 d6 43. Rd4 Nb3 44. Rxd6 Rxd6 45. Nh5+ Kh6 46.
exd6 Kxh5 47. Ke3 Nxa5 48. Kd4 Nb7 49. Ke5 a5 50. d7 a4 51. c5 a3 52. c6 a2 53.
cxb7 a1=Q+ 54. Kd6 Qd4+ 55. Ke7 Qb4+ 56. Ke8 Qb5 57. Kf8 Qb6 58. Ke8 Qb5 59.
Kf8 Qxb7 60. d8=Q Qxf3 61. Kxf7 Qxg3 62. Kxe6 f4 63. Qc7 h6 64. Kd5 Qd3+ 65.
Ke5 Qe3+ 66. Kf6 f3 67. Qc4 0-1

[Event "BL 8889 Lasker-Kreuzberg"]
[Site "?"]
[Date "1989.??.??"]
[Round "?.1"]
[White "Conquest, S."]
[Black "Berg, K."]
[Result "1/2-1/2"]
[WhiteElo "2490"]
[BlackElo "2385"]
[PlyCount "67"]
[EventDate "1989.??.??"]

1. e4 c6 2. d4 d5 3. Nd2 dxe4 4. Nxe4 Nf6 5. Nxf6+ exf6 6. c3 Bd6 7. Bd3 O-O 8.
Qc2 Re8+ 9. Ne2 Kh8 10. Be3 Nd7 11. O-O-O Nf8 12. Kb1 Qc7 13. h3 Be6 14. c4 c5
15. Rhe1 a6 16. Bc1 b5 17. d5 Bd7 18. f4 bxc4 19. Bxc4 Bb5 20. g3 Nd7 21. Bd3
c4 22. Bxh7 Nc5 23. Qf5 g6 24. Bxg6 fxg6 25. Qxf6+ Kh7 26. f5 gxf5 27. Rd4 Kg8
28. Qxf5 Re7 29. Bh6 c3 30. Qg6+ Kh8 31. Qf6+ Kh7 32. Qf5+ Kh8 33. Qf6+ Kh7 34.
Qf5+ 1/2-1/2

[Event "BL 8889 Lasker-Kreuzberg"]
[Site "?"]
[Date "1989.??.??"]
[Round "?.2"]
[White "Fries Nielsen, J."]
[Black "Levitt, J."]
[Result "1/2-1/2"]
[WhiteElo "2385"]
[BlackElo "2485"]
[PlyCount "60"]
[EventDate "1989.??.??"]

1. Nf3 Nf6 2. g3 d5 3. Bg2 c6 4. O-O Bf5 5. d3 e6 6. Nbd2 h6 7. Qe1 Be7 8. e4
Bh7 9. Qe2 O-O 10. Ne5 Nbd7 11. Nxd7 Nxd7 12. f4 a5 13. Kh1 a4 14. a3 Qc7 15.
g4 Rae8 16. Nf3 f5 17. gxf5 dxe4 18. dxe4 exf5 19. e5 Kh8 20. Be3 Bg8 21. Rg1
Nb6 22. Qf2 Nc4 23. Bd4 c5 24. Bc3 b5 25. Nh4 Bxh4 26. Qxh4 Ne3 27. e6 Rxe6 28.
Bf3 Ng4 29. Bxg4 Qc6+ 30. Rg2 Rg6 1/2-1/2

[Event "BL 8889 Lasker-Kreuzberg"]
[Site "?"]
[Date "1989.??.??"]
[Round "?.3"]
[White "Loeffler, S."]
[Black "Muse, M."]
[Result "1/2-1/2"]
[WhiteElo "2375"]
[BlackElo "2380"]
[PlyCount "82"]
[EventDate "1989.??.??"]

1. Nf3 Nf6 2. g3 g6 3. c4 Bg7 4. Bg2 c6 5. d4 d5 6. cxd5 cxd5 7. Ne5 O-O 8. Nc3
e6 9. Bg5 h6 10. Be3 Nfd7 11. f4 Nc6 12. O-O Nb6 13. Bf2 Bd7 14. e4 Ne7 15. h4
Be8 16. Qb3 dxe4 17. Bxe4 Ned5 18. Nxd5 exd5 19. Bd3 Ba4 20. Qb4 Re8 21. Kg2 a5
22. Qd2 Nc4 23. Nxc4 dxc4 24. Bxc4 Bc6+ 25. d5 Re4 26. Rfd1 Rxc4 27. dxc6 Qc7
28. cxb7 Qxb7+ 29. Kg1 Qxb2 30. Qd5 Rac8 31. Qxa5 Qxa1 32. Rxa1 Bxa1 33. h5
gxh5 34. Qxh5 Bg7 35. f5 Ra4 36. f6 Bxf6 37. Qxh6 Bg7 38. Qg5 Re8 39. a3 Ra6
40. Kg2 Rd6 41. Qb5 Ree6 1/2-1/2

[Event "BL 8889 Lasker-Kreuzberg"]
[Site "?"]
[Date "1989.??.??"]
[Round "?.4"]
[White "Junge, R."]
[Black "Glienke, M."]
[Result "1-0"]
[WhiteElo "2370"]
[BlackElo "2295"]
[PlyCount "77"]
[EventDate "1989.??.??"]

1. e4 c5 2. d4 cxd4 3. c3 dxc3 4. Nxc3 Nc6 5. Nf3 g6 6. Bc4 Bg7 7. e5 Nh6 8.
Bf4 O-O 9. O-O Kh8 10. Re1 b6 11. Qd2 Ng8 12. Ng5 Nh6 13. Rad1 d6 14. exd6 e5
15. Be3 Nd4 16. Nb5 Nxb5 17. Bxb5 Bd7 18. Ne6 Bxe6 19. Bxh6 Qf6 20. Bg5 Qf5 21.
Be7 Bd7 22. Bxf8 Rxf8 23. Bxd7 Qxd7 24. Rc1 Rd8 25. Rc7 Qe6 26. Rxa7 Bf8 27. d7
Bc5 28. Qg5 f6 29. Qd2 Qc6 30. b4 Bd4 31. Rc1 Qe6 32. Qc2 Kg7 33. Qc7 Qe7 34.
Rb7 f5 35. Rb8 Rxd7 36. Qc8 e4 37. Re1 Rc7 38. Qh8+ Kh6 39. Qxd4 {ZÜ} 1-0

[Event "BL 8889 Lasker-Kreuzberg"]
[Site "?"]
[Date "1989.??.??"]
[Round "?.5"]
[White "Lehmann, K."]
[Black "Simon, R."]
[Result "0-1"]
[WhiteElo "2325"]
[BlackElo "2285"]
[PlyCount "104"]
[EventDate "1989.??.??"]

1. e4 c5 2. Nf3 e6 3. c3 Nc6 4. d4 cxd4 5. cxd4 d5 6. exd5 exd5 7. Nc3 Bb4 8.
Bb5 Nge7 9. Qb3 Bd6 10. O-O Bg4 11. Ne5 Be6 12. Bxc6+ bxc6 13. Na4 Qc7 14. Qc3
O-O 15. Nc5 Bf5 16. Re1 Rae8 17. Bd2 f6 18. Nf3 Ng6 19. Rac1 Nf4 20. Bxf4 Bxf4
21. Rxe8 Rxe8 22. Re1 Rxe1+ 23. Qxe1 Kf7 24. h3 g5 25. Qe2 Bd6 26. a3 Qb6 27.
g4 Bc8 28. Qc2 Kg8 29. Nd2 Qd8 30. Nf1 Qe8 31. Ne3 h5 32. Nf5 Bf8 33. Kg2 hxg4
34. hxg4 Bxc5 35. dxc5 Bxf5 36. Qxf5 Kg7 37. b4 d4 38. Kf1 Qe7 39. a4 a6 40.
Kg2 Qd8 41. Kf1 d3 42. Ke1 Qd4 43. Kd2 Qxb4+ 44. Kxd3 Qb3+ 45. Ke2 Qxa4 46.
Qd7+ Kh6 47. Qe6 Qb5+ 48. Kf3 Qxc5 49. Qxf6+ Kh7 50. Qf7+ Kh8 51. Kg3 Qd6+ 52.
Kh3 Qd3+ 0-1

[Event "BL 8889 Lasker-Kreuzberg"]
[Site "?"]
[Date "1989.??.??"]
[Round "?.7"]
[White "Grzesik, T."]
[Black "Busch, K."]
[Result "1/2-1/2"]
[WhiteElo "2285"]
[BlackElo "2340"]
[PlyCount "39"]
[EventDate "1989.??.??"]

1. e4 c5 2. Nf3 e6 3. d3 d5 4. Nbd2 Nc6 5. g3 Nf6 6. Bg2 Be7 7. O-O b6 8. Re1
Bb7 9. e5 Nd7 10. h4 Qc7 11. Qe2 h6 12. Nf1 O-O-O 13. c3 g5 14. hxg5 hxg5 15.
Nxg5 Bxg5 16. Bxg5 Rdg8 17. Bf4 Nf8 18. Rad1 Ng6 19. Bg5 Qxe5 20. Qxe5 1/2-1/2

[Event "BL 8889 Lasker-Kreuzberg"]
[Site "?"]
[Date "1989.??.??"]
[Round "?.8"]
[White "Paulsen, D."]
[Black "Tyrtania, M."]
[Result "1-0"]
[WhiteElo "2355"]
[BlackElo "2300"]
[PlyCount "91"]
[EventDate "1989.??.??"]

1. d4 c5 2. d5 d6 3. Nc3 Nf6 4. g3 g6 5. Bg2 Bg7 6. Nf3 O-O 7. O-O Na6 8. Bf4
Nc7 9. e4 b5 10. e5 Nh5 11. Bg5 f6 12. exd6 exd6 13. Be3 f5 14. Bg5 Nf6 15. a3
Bb7 16. Re1 Qd7 17. Qd2 a5 18. Bxf6 Bxf6 19. Ng5 b4 20. axb4 axb4 21. Rxa8 Rxa8
22. Nd1 Re8 23. Ne6 Qc8 24. c3 bxc3 25. Nxc3 Nxe6 26. dxe6 Bxg2 27. Kxg2 Bxc3
28. bxc3 Rxe6 29. Qd5 Kf7 30. Ra1 Qd7 31. Rb1 Kf6 32. Rb6 g5 33. c4 Kg6 34. h3
Qe7 35. Rb7 Qf6 36. g4 Qe5 37. gxf5+ Qxf5 38. Rg7+ Kf6 39. Rf7+ Kxf7 40. Qxf5+
Rf6 41. Qxh7+ Ke6 42. Qe4+ Kf7 43. Qh7+ Ke6 44. Qg8+ Kf5 45. Kg3 Rh6 46. Qd5+
1-0

[Event "BL 8889 Lasker-Koblenz"]
[Site "?"]
[Date "1989.??.??"]
[Round "?.1"]
[White "Garcia Palermo, C."]
[Black "Brunner, L."]
[Result "1-0"]
[WhiteElo "2455"]
[BlackElo "2425"]
[PlyCount "80"]
[EventDate "1989.??.??"]

1. Nf3 Nf6 2. g3 d5 3. Bg2 c6 4. O-O Bf5 5. b3 e6 6. Bb2 h6 7. d3 Be7 8. Nbd2
O-O 9. e3 a5 10. a4 Bh7 11. Qe2 Na6 12. e4 Nb4 13. Rfc1 Nd7 14. d4 dxe4 15.
Nxe4 Nf6 16. Ne5 Nxe4 17. Bxe4 Bxe4 18. Qxe4 Qd5 19. Qe2 g6 20. c3 Na6 21. c4
Qd6 22. Rc3 Bf6 23. Rf3 Bg7 24. Rd1 Rad8 25. Rfd3 Rfe8 26. Bc3 Qc7 27. Qe1 Bxe5
28. dxe5 Rxd3 29. Rxd3 Nc5 30. Rd6 Nxb3 31. Qe3 c5 32. Qxh6 Nd4 33. Qe3 Nf5 34.
Qf4 Nxd6 35. exd6 e5 36. Bxe5 Qd8 37. Bf6 Re1+ 38. Kg2 Qe8 39. Qh4 Qc6+ 40. Kh3
Qd7+ 1-0

[Event "BL 8889 Lasker-Koblenz"]
[Site "?"]
[Date "1989.??.??"]
[Round "?.2"]
[White "Berg, K."]
[Black "Braga, F."]
[Result "1-0"]
[WhiteElo "2385"]
[BlackElo "2430"]
[PlyCount "87"]
[EventDate "1989.??.??"]

1. d4 Nf6 2. Nf3 c5 3. c3 e6 4. Bg5 d5 5. e3 Be7 6. Nbd2 Nc6 7. Bd3 h6 8. Bh4
b6 9. O-O Bb7 10. Ne5 Nd7 11. Bxe7 Qxe7 12. f4 Ndxe5 13. fxe5 O-O-O 14. Qh5
Rhf8 15. Rf4 Qg5 16. Qf3 f5 17. exf6 Rxf6 18. Rf1 Rdf8 19. Qh3 Rxf4 20. Qxe6+
Kc7 21. exf4 Rxf4 22. Bf5 Rxf1+ 23. Nxf1 Qe7 24. Qg6 cxd4 25. cxd4 Nxd4 26.
Qg3+ Kc6 27. Bd3 Ne6 28. Ne3 Qg5 29. Qf2 b5 30. Bf5 Nc7 31. b4 Qe7 32. Nc2 a6
33. Nd4+ Kd6 34. Nxb5+ Ke5 35. Qe3+ Kf6 36. Qxe7+ Kxe7 37. Nxc7 Kd6 38. Ne8+
Ke5 39. Bd3 Kd4 40. Bf1 Kc3 41. Nd6 Ba8 42. Bxa6 Kxb4 43. Kf2 d4 44. Bb7 1-0

[Event "BL 8889 Lasker-Koblenz"]
[Site "?"]
[Date "1989.??.??"]
[Round "?.3"]
[White "Doncevic, D."]
[Black "Fries Nielsen, J."]
[Result "0-1"]
[WhiteElo "2370"]
[BlackElo "2385"]
[PlyCount "42"]
[EventDate "1989.??.??"]

1. e4 e5 2. d4 exd4 3. Qxd4 Nc6 4. Qa4 Nf6 5. Nc3 Bc5 6. Bb5 O-O 7. Nf3 d6 8.
Bxc6 bxc6 9. Bg5 Rb8 10. O-O-O h6 11. Bh4 Rb4 12. Qxc6 g5 13. Qxc5 dxc5 14.
Rxd8 Rxd8 15. Nxg5 Rd6 16. Nf3 Nxe4 17. a3 Nxc3 18. axb4 Ne2+ 19. Kb1 cxb4 20.
Re1 b3 21. Be7 Bf5 0-1